000 01259nam a2200325 i 4500
003 EG-GICUC
005 20260305194800.0
008 260305s2005 ua ||||fr|||| 00| 0 eng d
017 _a٢٠٠٤/١٣٦٥٤
020 _a977-03-1316-5
040 _a EG-GICUC
_bara
_c EG-GICUC
_d EG-GICUC
_erda
041 0 _aara
082 0 4 _221
_a345.82227
_bأ ح . م
092 0 4 _221
099 _aLaw1 07 345.82227 أ ح . م 2005
100 0 _a أحمد محمود جمعة
_eمؤلف.
245 1 0 _aمنازعات التعويض في مجال القانون العام :
_bمع أحدث الأحكام حتى ٢٠٠٣ /
_cدكتور أحمد محمود جمعة.
264 1 _aالإسكندرية :
_bمنشأة المعارف،
_c2005.
300 _a279 صفحة؛
_c24 سم.
336 _2rda content
_atext
337 _2rda media
_aComputer
338 _2rda carrier
_aOnline Resource
504 _aيشتمل على إرجاعات ببليوجرافية.
546 _aالنص باللغة العربية
650 1 4 _aالاختصاص بمنازعات الضرائب والرسوم
650 1 4 _aالقانون الإداري
856 4 0 _uhttps://fll.law.cu.edu.eg/fulltext/bks/B07-03623.pdf
905 _a32
942 _2ddc
_cBK
_e21
_n0
999 _c65046
_d65046